<?xml version="1.0" encoding="UTF-8"?>
<record
    xmlns:xsi="http://www.w3.org/2001/XMLSchema-instance"
    xsi:schemaLocation="http://www.loc.gov/MARC21/slim http://www.loc.gov/standards/marcxml/schema/MARC21slim.xsd"
    xmlns="http://www.loc.gov/MARC21/slim">

  <leader>02557nam0a2200385   4500</leader>
  <controlfield tag="001">RU\NLR\bibl\1770325</controlfield>
  <controlfield tag="005">20260407074647.0</controlfield>
  <datafield tag="010" ind1=" " ind2=" ">
    <subfield code="a">978-5-02-032216-5</subfield>
    <subfield code="9">426</subfield>
  </datafield>
  <datafield tag="021" ind1=" " ind2=" ">
    <subfield code="a">RU</subfield>
    <subfield code="b">2011-31076</subfield>
    <subfield code="9">2209</subfield>
  </datafield>
  <datafield tag="035" ind1=" " ind2=" ">
    <subfield code="a">(NLR Aleph) 001761108</subfield>
  </datafield>
  <datafield tag="090" ind1=" " ind2=" ">
    <subfield code="a">1578878</subfield>
    <subfield code="c">1578878</subfield>
  </datafield>
  <datafield tag="100" ind1=" " ind2=" ">
    <subfield code="a">20110518d2010    |||y0rusy50      ca</subfield>
  </datafield>
  <datafield tag="101" ind1="0" ind2=" ">
    <subfield code="a">rus</subfield>
    <subfield code="a">sho</subfield>
    <subfield code="d">eng</subfield>
  </datafield>
  <datafield tag="102" ind1=" " ind2=" ">
    <subfield code="a">RU</subfield>
  </datafield>
  <datafield tag="105" ind1=" " ind2=" ">
    <subfield code="a">a   |||||||||</subfield>
  </datafield>
  <datafield tag="200" ind1="1" ind2=" ">
    <subfield code="a">&#x424;&#x43E;&#x43B;&#x44C;&#x43A;&#x43B;&#x43E;&#x440; &#x448;&#x43E;&#x440;&#x446;&#x435;&#x432;</subfield>
    <subfield code="e">&#x432; &#x437;&#x430;&#x43F;&#x438;&#x441;&#x44F;&#x445; 1911, 1925-1930, 1959-1960, 1974, 1990-2007 &#x433;&#x43E;&#x434;&#x43E;&#x432;</subfield>
    <subfield code="e">[+ &#x43A;&#x43E;&#x43C;&#x43F;&#x430;&#x43A;&#x442;-&#x434;&#x438;&#x441;&#x43A;</subfield>
    <subfield code="f">&#x420;&#x43E;&#x441;. &#x430;&#x43A;&#x430;&#x434;. &#x43D;&#x430;&#x443;&#x43A;, &#x421;&#x438;&#x431;. &#x43E;&#x442;&#x434;-&#x43D;&#x438;&#x435;, &#x418;&#x43D;-&#x442; &#x444;&#x438;&#x43B;&#x43E;&#x43B;&#x43E;&#x433;&#x438;&#x438;</subfield>
    <subfield code="g">&#x441;&#x43E;&#x441;&#x442;., &#x43F;&#x43E;&#x434;&#x433;&#x43E;&#x442;. &#x442;&#x435;&#x43A;&#x441;&#x442;&#x43E;&#x432; &#x438; &#x43F;&#x435;&#x440;., &#x432;&#x441;&#x442;&#x443;&#x43F;. &#x441;&#x442;., &#x43A;&#x43E;&#x43C;&#x43C;&#x435;&#x43D;&#x442;., &#x43F;&#x440;&#x438;&#x43C;&#x435;&#x447;., &#x443;&#x43A;&#x430;&#x437;. &#x41B;.&#x41D;. &#x410;&#x440;&#x431;&#x430;&#x447;&#x430;&#x43A;&#x43E;&#x432;&#x43E;&#x439;</subfield>
    <subfield code="g">&#x43E;&#x442;&#x432;. &#x440;&#x435;&#x434;.: &#x434;.&#x444;&#x438;&#x43B;&#x43E;&#x43B;.&#x43D;., &#x43B;&#x430;&#x443;&#x440;&#x435;&#x430;&#x442; &#x413;&#x43E;&#x441;. &#x43F;&#x440;&#x435;&#x43C;&#x438;&#x438; &#x420;&#x424; &#x432; &#x43E;&#x431;&#x43B;. &#x43D;&#x430;&#x443;&#x43A;&#x438; &#x438; &#x442;&#x435;&#x445;&#x43D;&#x438;&#x43A;&#x438; &#x415;.&#x41D;. &#x41A;&#x443;&#x437;&#x44C;&#x43C;&#x438;&#x43D;&#x430;</subfield>
    <subfield code="g">&#x442;&#x435;&#x43A;&#x441;&#x442;&#x43E;&#x43B;. &#x441;&#x442;. &#x41B;.&#x41D;. &#x410;&#x440;&#x431;&#x430;&#x447;&#x430;&#x43A;&#x43E;&#x432;&#x43E;&#x439;, &#x421;.&#x41F;. &#x420;&#x43E;&#x436;&#x43D;&#x43E;&#x432;&#x43E;&#x439;</subfield>
    <subfield code="g">&#x43C;&#x443;&#x437;&#x44B;&#x43A;&#x43E;&#x432;&#x435;&#x434;. &#x441;&#x442;. &#x438; &#x43D;&#x43E;&#x442;. &#x437;&#x430;&#x43F;&#x438;&#x441;&#x438; &#x413;.&#x411;. &#x421;&#x44B;&#x447;&#x435;&#x43D;&#x43A;&#x43E;]</subfield>
  </datafield>
  <datafield tag="210" ind1=" " ind2=" ">
    <subfield code="a">&#x41D;&#x43E;&#x432;&#x43E;&#x441;&#x438;&#x431;&#x438;&#x440;&#x441;&#x43A;</subfield>
    <subfield code="c">&#x41D;&#x430;&#x443;&#x43A;&#x430;</subfield>
    <subfield code="d">2010</subfield>
  </datafield>
  <datafield tag="215" ind1=" " ind2=" ">
    <subfield code="a">599, [8] &#x441;., [4] &#x43B;. &#x446;&#x432;. &#x438;&#x43B;.</subfield>
    <subfield code="c">&#x438;&#x43B;., &#x43D;&#x43E;&#x442;.</subfield>
    <subfield code="d">22</subfield>
  </datafield>
  <datafield tag="225" ind1="1" ind2=" ">
    <subfield code="a">&#x41F;&#x430;&#x43C;&#x44F;&#x442;&#x43D;&#x438;&#x43A;&#x438; &#x444;&#x43E;&#x43B;&#x44C;&#x43A;&#x43B;&#x43E;&#x440;&#x430; &#x43D;&#x430;&#x440;&#x43E;&#x434;&#x43E;&#x432; &#x421;&#x438;&#x431;&#x438;&#x440;&#x438; &#x438; &#x414;&#x430;&#x43B;&#x44C;&#x43D;&#x435;&#x433;&#x43E; &#x412;&#x43E;&#x441;&#x442;&#x43E;&#x43A;&#x430;</subfield>
    <subfield code="f">&#x43E;&#x441;&#x43D;&#x43E;&#x432;&#x430;&#x43D;&#x430; &#x447;&#x43B;.-&#x43A;&#x43E;&#x440;&#x440;. &#x420;&#x43E;&#x441;. &#x430;&#x43A;&#x430;&#x434;. &#x43D;&#x430;&#x443;&#x43A; &#x410;.&#x411;. &#x421;&#x43E;&#x43A;&#x442;&#x43E;&#x435;&#x432;&#x44B;&#x43C;</subfield>
    <subfield code="f">&#x440;&#x435;&#x434;&#x43A;&#x43E;&#x43B;.: ... &#x410;.&#x41F;. &#x414;&#x435;&#x440;&#x435;&#x432;&#x44F;&#x43D;&#x43A;&#x43E; (&#x433;&#x43B;. &#x440;&#x435;&#x434;.) [&#x438; &#x434;&#x440;.]</subfield>
    <subfield code="v">&#x442;. 29</subfield>
  </datafield>
  <datafield tag="300" ind1=" " ind2=" ">
    <subfield code="a">&#x417;&#x430;&#x433;&#x43B;. &#x438; &#x442;&#x435;&#x43A;&#x441;&#x442; &#x43F;&#x430;&#x440;&#x430;&#x43B;. &#x43D;&#x430; &#x440;&#x443;&#x441;. &#x438; &#x448;&#x43E;&#x440;. &#x44F;&#x437;.</subfield>
  </datafield>
  <datafield tag="300" ind1=" " ind2=" ">
    <subfield code="a">&#x420;&#x435;&#x437;. &#x43D;&#x430; &#x430;&#x433;&#x43B;. &#x44F;&#x437;.</subfield>
  </datafield>
  <datafield tag="316" ind1=" " ind2=" ">
    <subfield code="a">&#x41A;&#x43E;&#x43C;&#x43F;&#x430;&#x43A;&#x442;-&#x434;&#x438;&#x441;&#x43A; &#x43E;&#x442;&#x441;&#x443;&#x442;&#x441;&#x442;&#x432;&#x443;&#x435;&#x442;</subfield>
    <subfield code="5">NLR</subfield>
  </datafield>
  <datafield tag="320" ind1=" " ind2=" ">
    <subfield code="a">&#x411;&#x438;&#x431;&#x43B;&#x438;&#x43E;&#x433;&#x440;.: &#x441;. 586-591 (103 &#x43D;&#x430;&#x437;&#x432;.)</subfield>
  </datafield>
  <datafield tag="320" ind1=" " ind2=" ">
    <subfield code="a">&#x423;&#x43A;&#x430;&#x437;&#x430;&#x442;&#x435;&#x43B;&#x438;: &#x438;&#x43C;&#x435;&#x43D; &#x43F;&#x435;&#x440;&#x441;&#x43E;&#x43D;&#x430;&#x436;&#x435;&#x439;, &#x442;&#x43E;&#x43F;&#x43E;&#x43D;&#x438;&#x43C;&#x43E;&#x432;, &#x438;&#x441;&#x43F;&#x43E;&#x43B;&#x43D;., &#x441;&#x43E;&#x431;&#x438;&#x440;&#x430;&#x442;&#x435;&#x43B;&#x435;&#x439; &#x442;&#x435;&#x43A;&#x441;&#x442;&#x43E;&#x432;, &#x43C;&#x435;&#x441;&#x442; &#x437;&#x430;&#x43F;&#x438;&#x441;&#x438; &#x442;&#x435;&#x43A;&#x441;&#x442;&#x43E;&#x432;: &#x441;. 579-585</subfield>
  </datafield>
  <datafield tag="606" ind1="1" ind2=" ">
    <subfield code="a">&#x428;&#x43E;&#x440;&#x441;&#x43A;&#x438;&#x439; &#x444;&#x43E;&#x43B;&#x44C;&#x43A;&#x43B;&#x43E;&#x440;</subfield>
    <subfield code="9">1361123</subfield>
    <subfield code="3">RU\NLR\auth\66255051</subfield>
  </datafield>
  <datafield tag="686" ind1=" " ind2=" ">
    <subfield code="a">&#x428;3(251.7=&#x428;)-6&#x44F;43</subfield>
  </datafield>
  <datafield tag="702" ind1=" " ind2="1">
    <subfield code="4">220</subfield>
    <subfield code="8">rus</subfield>
    <subfield code="7">ca</subfield>
    <subfield code="a">&#x410;&#x440;&#x431;&#x430;&#x447;&#x430;&#x43A;&#x43E;&#x432;&#x430;</subfield>
    <subfield code="b">&#x41B;. &#x41D;.</subfield>
    <subfield code="f">1963-</subfield>
    <subfield code="g">&#x41B;&#x44E;&#x431;&#x43E;&#x432;&#x44C; &#x41D;&#x438;&#x43A;&#x438;&#x442;&#x43E;&#x432;&#x43D;&#x430;</subfield>
    <subfield code="3">RU\NLR\auth\7771208</subfield>
    <subfield code="9">54136</subfield>
  </datafield>
  <datafield tag="702" ind1=" " ind2="1">
    <subfield code="4">340</subfield>
    <subfield code="8">rus</subfield>
    <subfield code="7">ca</subfield>
    <subfield code="a">&#x41A;&#x443;&#x437;&#x44C;&#x43C;&#x438;&#x43D;&#x430;</subfield>
    <subfield code="b">&#x415;. &#x41D;.</subfield>
    <subfield code="c">&#x444;&#x438;&#x43B;&#x43E;&#x43B;&#x43E;&#x433;</subfield>
    <subfield code="g">&#x415;&#x432;&#x433;&#x435;&#x43D;&#x438;&#x44F; &#x41D;&#x438;&#x43A;&#x43E;&#x43B;&#x430;&#x435;&#x432;&#x43D;&#x430;</subfield>
    <subfield code="3">RU\NLR\auth\7766105</subfield>
    <subfield code="9">49034</subfield>
  </datafield>
  <datafield tag="712" ind1="0" ind2="2">
    <subfield code="4">570</subfield>
    <subfield code="a">&#x418;&#x43D;&#x441;&#x442;&#x438;&#x442;&#x443;&#x442; &#x444;&#x438;&#x43B;&#x43E;&#x43B;&#x43E;&#x433;&#x438;&#x438;</subfield>
    <subfield code="c">&#x41D;&#x43E;&#x432;&#x43E;&#x441;&#x438;&#x431;&#x438;&#x440;&#x441;&#x43A;</subfield>
    <subfield code="3">RU\NLR\AUTH\883552</subfield>
    <subfield code="9">278403</subfield>
  </datafield>
  <datafield tag="801" ind1=" " ind2="0">
    <subfield code="a">RU</subfield>
    <subfield code="b">NLR</subfield>
    <subfield code="c">20110518</subfield>
    <subfield code="g">RCR</subfield>
  </datafield>
  <datafield tag="801" ind1=" " ind2="1">
    <subfield code="a">RU</subfield>
    <subfield code="b">NLR</subfield>
    <subfield code="c">20110518</subfield>
  </datafield>
  <datafield tag="852" ind1=" " ind2=" ">
    <subfield code="a">NLR</subfield>
    <subfield code="b">&#x41E;&#x41D;&#x41B;</subfield>
    <subfield code="j">&#x428;&#x43E;&#x440;./3-98</subfield>
  </datafield>
  <datafield tag="942" ind1=" " ind2=" ">
    <subfield code="c">BOOK</subfield>
  </datafield>
  <datafield tag="980" ind1=" " ind2=" ">
    <subfield code="a">NB</subfield>
  </datafield>
  <datafield tag="995" ind1=" " ind2=" ">
    <subfield code="5">2011-05-18</subfield>
    <subfield code="a">ad</subfield>
    <subfield code="b">NLR01</subfield>
    <subfield code="c">NLR01</subfield>
    <subfield code="e">ONL</subfield>
    <subfield code="f">1-2423994</subfield>
    <subfield code="k">&#x41E;&#x41D;&#x41B; &#x428;&#x43E;&#x440;./3-98</subfield>
    <subfield code="o">0</subfield>
    <subfield code="r">BOOK</subfield>
    <subfield code="s">_398</subfield>
  </datafield>
  <datafield tag="995" ind1=" " ind2=" ">
    <subfield code="5">2011-05-18</subfield>
    <subfield code="a">ad</subfield>
    <subfield code="b">NLR02</subfield>
    <subfield code="c">NLR02</subfield>
    <subfield code="e">MK</subfield>
    <subfield code="f">3419490</subfield>
    <subfield code="o">0</subfield>
    <subfield code="r">BOOK</subfield>
  </datafield>
</record>
